00402 2200169 4500001002100000008004100021035002000062245004400082100001000126250000600136260003000142300001200172084001400184082000800198650001400206990001200220INLIS000000000001023 ind  a0010-0524000258 aKisah Lainnya; Catatan 2010-2012cAriel aAriel a1 aJakarta :bGramediac2012 a228 hlm a900 ARI k a900 aNon Fiksi a0744001